000
00301nam a22001337a 4500
008
170803b xxu||||| |||| 00| 0 eng d
020
_a
9783540567837
041
_a
eng
080
_a
004
100
_a
32
101
_a
SHKI
245
_a
MENSCH COMPUTER KOMMUNIKATION
_c
BOCKER, H.D
942
_2
udc
_c
BK
999
_c
22598
_d
22598